000
00479nam a2200181Ia 4500
008
100917s9999 xx 000 0 und d
082
_b
9811
100
_a
टिळक ज. श्री.
245
_a
अशी ही दिल्ली
260
_b
---
300
_a
272
365
_b
10
520
_a
निबंध
630
_a
अशी ही दिल्ली
650
_a
निबंध
730
_a
अशी ही दिल्ली
942
_c
BOOK
999
_c
615205
_d
615202